[Event "Stay Safe Play From Home 143"]
[Site "T#645979Emanuel Laske"]
[Date "2020.05.12"]
[Round "5"]
[White "Lazieri3"]
[Black "Haxhi Baha"]
[Result "1-0"]
[WhiteElo "2099"]
[BlackElo "2029"]
[Annotator "TA"]
[PlyCount "71"]
[EventDate "2020.05.12"]
[EventType "swiss (blitz)"]

{[%evp 9,71,-16,15,6,821,823,1025,815,817,752,810,760,825,733,777,663,628,489,563,446,496,459,453,390,505,364,439,312,324,299,325,271,264,256,329,175,178,170,321,312,457,457,450,441,419,-248,558,555,724,697,806,701,1220,1183,972,693,681,670,661,640,665,706,616,0]} 1. e4 e6 2. Nc3 d5 3. Nf3 Nf6 4. e5 Nfd7 5. d4 a6 6. Bg5 {[#] C11: French: Classical System: 4 e5 and 4 Bg5 dxe4.} c5 $146 {[%mdl 8192]} (6... Be7 $11 7. Bxe7 Qxe7) ({Predecessor:} 6... Be7 7. Bxe7 Qxe7 8. Bd3 c5 9. dxc5 Qxc5 10. O-O Nc6 11. Re1 b5 12. a3 Rb8 13. Qd2 O-O 14. b4 Qe7 15. Qf4 f6 16. exf6 Qxf6 17. Qxf6 Rxf6 {½-½ (37) Hajbok,R (2337)-Barva,A (2389) Hungary 2014}) 7. Bxd8 $18 Kxd8 8. dxc5 Bxc5 9. Bd3 h6 10. O-O Nc6 11. Qe2 Ke7 12. Nxd5+ exd5 13. e6 fxe6 14. Nh4 Nde5 15. Kh1 g5 16. Nf3 Nxd3 17. cxd3 Bd7 18. Rfe1 Raf8 19. Rab1 Rf4 20. g3 Rf6 21. Rbc1 Bb6 22. Rf1 (22. Ne5 $142) 22... Rhf8 23. Ne5 Nxe5 $2 (23... Rxf2 24. Rxf2 Rxf2) 24. Qxe5 Rxf2 (24... Bxf2 {keeps fighting.} 25. Kg2 b6) 25. Rxf2 Rxf2 26. Qg7+ Kd6 {intending ...Be3.} 27. Qxh6 $4 {[%mdl 8192] [#]} (27. d4 $18 {and all is fine.}) 27... Bc6 $4 {[%mdl 8192]} (27... Be3 $1 $19 28. Re1 d4 29. Rxe3 dxe3) 28. Qxg5 {White is clearly winning.} Rxb2 29. h4 Re2 30. Qf4+ Ke7 {[#]} 31. Rxc6 $1 bxc6 32. h5 Be3 33. Qc7+ Kf6 34. Qd8+ Ke5 35. Qh8+ Kf5 36. Qh7+ $2 {[%mdl 32768] Accuracy: White = 37%, Black = 22%. . Loss on time!?} (36. h6 $18 Bxh6 37. Qxh6 Rxa2 38. Qf8+ Kg6 39. Qe7) 1-0

[Event "Stay Safe Play From Home 143"]
[Site "T#645979Emanuel Laske"]
[Date "2020.05.12"]
[Round "5"]
[White "Fischer_11"]
[Black "CastlingArrocco"]
[Result "0-1"]
[WhiteElo "2029"]
[BlackElo "2035"]
[Annotator "TA"]
[PlyCount "86"]
[EventDate "2020.05.12"]
[EventType "swiss (blitz)"]

{[%evp 9,86,2,6,-61,-21,-12,-19,-44,29,20,143,142,127,78,184,48,55,-13,21,24,22,0,5,12,28,0,29,25,33,32,31,38,41,25,32,0,0,0,0,-110,0,0,0,0,0,0,0,0,0,0,0,0,0,0,0,0,0,0,0,0,8,8,8,0,8,0,0,0,0,0,2,9,9,0,0,0,0,0,0]} 1. e4 Nc6 2. Nc3 d6 3. Bc4 Nf6 4. d3 g6 5. f4 Bg7 {[#]} 6. f5 $146 {B00: Queen's Fianchetto Defence, Nimzowitsch Defence.} (6. Nf3 $11) ({Predecessor:} 6. a3 O-O 7. Nge2 Be6 8. Bxe6 fxe6 9. O-O Qd7 10. Ng3 Nd4 11. Nce2 Ng4 12. c3 Nc6 13. h3 {0-1 (68) Blanco,S (1679)-Tula,M (1802) Santa Fe 2020}) 6... O-O 7. fxg6 hxg6 8. Nf3 e5 (8... Bg4 $15) 9. O-O Qe7 (9... Na5 $11 {remains equal.}) 10. Bg5 $16 {[#] Black must now prevent Nd5.} Be6 11. Bd5 Nd4 (11... Qe8 $16 {keeps fighting.}) 12. Nxd4 (12. Bxb7 $18 Rab8 13. Nxd4 exd4 14. Nd5 Bxd5 15. Bxd5) 12... exd4 $14 13. Bxe6 (13. e5 $1 $14 dxe5 14. Ne4) 13... fxe6 14. Ne2 e5 15. Qe1 Qd7 16. h3 Nh5 17. Ng3 (17. Qa5 {seems wilder.} c6 18. c3 dxc3 19. Qxc3 d5 20. Qb3) 17... Nxg3 18. Qxg3 Rxf1+ 19. Rxf1 Rf8 20. Rxf8+ Kxf8 21. Bd2 (21. h4 {keeps more tension.} Kg8 22. Kh2 Bf8 23. Qh3 Qe8 24. Qg4) 21... Qf7 22. Qf3 Qxf3 23. gxf3 $11 {[%mdl 4096] Endgame KB-KB} Kf7 24. f4 (24. Kf2 $11 {keeps the balance.}) 24... c5 ({Black should try} 24... Bh6 $17 25. Kf2 Bxf4 26. Bxf4 exf4) 25. Kg2 {The position is equal.} Ke6 26. b3 b5 27. Kf3 a6 28. a4 bxa4 29. bxa4 d5 30. h4 exf4 31. Bxf4 dxe4+ 32. Kxe4 Bf8 33. Bg5 Bd6 34. Bh6 a5 35. Bg5 Bc7 36. Bf4 Bd8 37. Be5 Bxh4 38. Bc7 Kd7 39. Bxa5 {[#] Threatens to win with Kd5.} Kc6 40. Bd2 Bf2 41. a5 Kb5 42. Kf3 Bh4 43. Kg4 Bd8 {[%mdl 32768] Accuracy: White = 69%, Black = 70%. . Loss on time!?} 0-1

[Event "Stay Safe Play From Home 143"]
[Site "T#645979Emanuel Laske"]
[Date "2020.05.12"]
[Round "5"]
[White "Tavares"]
[Black "Weltszmerc"]
[Result "0-1"]
[WhiteElo "1881"]
[BlackElo "2072"]
[Annotator "TA"]
[PlyCount "92"]
[EventDate "2020.05.12"]
[EventType "swiss (blitz)"]

{[%evp 9,92,58,63,51,63,26,58,26,60,19,24,-422,-50,-43,-60,-47,-60,-60,-45,-68,-31,-31,0,0,0,0,52,30,58,17,17,21,94,0,137,133,108,43,86,34,110,0,0,0,54,0,0,-104,-99,-169,-169,-224,-186,-370,-370,-502,-473,-608,-397,-410,-389,-643,-632,-564,-416,-1536,-1537,-1475,-1334,-29983,-29984,-29984,-29985,-29985,-29986,-29986,-29987,-29987,-29988,-29989,-29990,-29990,-29991,-29992,-29989]} 1. d4 Nf6 2. Bg5 b6 3. c4 g6 4. Nc3 Bg7 5. e4 O-O {[#]} 6. e5 $146 {A45: Trompowsky Attack.} ({Predecessor:} 6. f3 Bb7 7. Qd2 d6 8. Rb1 Nbd7 9. Bd3 c5 10. d5 Ne5 11. Nge2 Ba6 12. b3 Rb8 13. f4 Nxd3+ 14. Qxd3 {1-0 (28) Lee,W (1399)-Boo,Y (1356) Kuala Lumpur 2016}) 6... Ne8 $1 7. Nf3 Bb7 8. Be2 {White is slightly better.} f6 9. Bf4 fxe5 10. Nxe5 $2 {[%mdl 8192]} (10. Bxe5 $11 d6 11. Bg3) 10... Nc6 $2 (10... Rxf4 $19 11. Qd2 Rf8) 11. Bg3 Nxe5 12. dxe5 Bxg2 13. Rg1 Bb7 14. Qd2 e6 15. O-O-O Qe7 (15... d6 $5) 16. Qxd7 Qxd7 17. Rxd7 Rf7 (17... Bh6+ $11 18. f4 Rxf4 19. Bxf4 Bxf4+ 20. Kb1 Bxh2) 18. Rgd1 $36 {[%mdl 2048] White has good play.} Bc6 19. Rd8 Rxd8 20. Rxd8 Bf8 {[#]} (20... Bh6+ $11 {keeps the balance.} 21. Kc2 Kf8) 21. Bh4 (21. Nb5 $1 $16) 21... Be7 (21... Rf4 $11 22. Bg3 Rf7) 22. Bxe7 $16 Rxe7 23. f4 (23. Nb5 $16) 23... Kf7 24. Bd3 (24. Nb5 $16) 24... Ng7 {[#]} (24... Rd7 $14 25. Rxd7+ Bxd7) 25. Be4 (25. Rh8 $1 $16) 25... Bxe4 $11 26. Nxe4 {[%cal Re4g5][%mdl 4096] Endgame KRN-KRN} h6 ({Black should try} 26... Nh5 $11) 27. h4 (27. Kd2 $14) 27... Nf5 28. h5 (28. Nf6 $11 {remains equal.}) 28... gxh5 $17 {White is on the road to losing.} 29. c5 (29. Nf6 $17 {might work better.}) 29... h4 $19 30. Rd1 (30. Kd1 {was worth a try.}) 30... Re8 31. Rh1 $2 (31. Nf6 {was called for.} Rc8 32. c6) 31... Rg8 32. Nf2 Rg2 33. Nh3 Rg3 34. cxb6 axb6 35. Ng1 $2 (35. Nf2) 35... Kg6 36. Ne2 Rg4 37. Rg1 (37. Rh2 $142) 37... Rxg1+ 38. Nxg1 {KN-KN} Kh5 39. Nh3 Kg4 {Black mates.} 40. Ng1 Kg3 41. Kd2 Kg2 42. Ne2 h3 43. Kd3 h2 44. Nd4 Nxd4 45. Kxd4 h1=Q 46. f5 Qd1+ {Accuracy: White = 30%, Black = 50%.} 0-1

[Event "Stay Safe Play From Home 143"]
[Site "T#645979Emanuel Laske"]
[Date "2020.05.12"]
[Round "5"]
[White "Ionutn28"]
[Black "Ironmike"]
[Result "1-0"]
[WhiteElo "1797"]
[BlackElo "1907"]
[Annotator "TA"]
[PlyCount "43"]
[EventDate "2020.05.12"]
[EventType "swiss (blitz)"]

{[%evp 10,43,44,42,100,111,166,152,159,172,403,396,393,410,420,309,2452,430,1010,405,1092,1083,1187,1118,29991,29992,29992,29993,29993,5593,29994,3699,2306,2264,1894,1262]} 1. e4 c5 2. c3 b6 3. d4 Bb7 4. Bd3 e6 5. Nf3 cxd4 6. cxd4 d5 {B00: Queen's Fianchetto Defence, Nimzowitsch Defence.} ({Black should try} 6... Bb4+ $14 7. Nc3 Nf6) 7. exd5 $16 {[#]} Bb4+ $146 (7... Bxd5 $16 {was worth a try.} 8. Nc3 Nf6) ({Predecessor:} 7... Bxd5 8. O-O Nf6 9. Nc3 Bc6 10. Ne5 Qxd4 11. Nxf7 Rg8 12. Ng5 e5 13. Re1 Nbd7 14. Bg6+ {1-0 (14) Cox,T (2106)-Tran,M (1972) Budapest 2010}) 8. Nc3 $1 $18 {Hoping for Qa4+.} Bxc3+ {White is clearly better.} 9. bxc3 {Threatens to win with dxe6.} exd5 $2 (9... Qxd5 10. O-O Nf6) 10. O-O Ne7 11. Ba3 O-O 12. Re1 {Black must now prevent Bxh7+!} Re8 $2 {[#]} (12... Ng6 13. Bxf8 Nxf8) 13. Qe2 (13. Bxh7+ $142 $1 {[%mdl 512]} Kh8 (13... Kxh7 14. Ng5+) 14. Ng5) 13... Nbc6 {[#]} (13... g6 $142 14. Bxe7 Qd7) 14. Ng5 (14. Bxh7+ $142 $1 {[%mdl 512]} Kf8 (14... Kxh7 15. Ng5+) 15. Ng5 g6 {[#]} 16. Qf3 $1 {[%mdl 512]} Kg7 17. Qxf7+ Kh6 18. Bc1 Rf8 19. Ne6+ $1 {[%mdl 512]} Kh5 20. Bxg6+ $1 {[%mdl 576] Pin} Kg4 21. h3+ Kh4 22. Qh7#) 14... Ng6 (14... g6 $142 15. Qf3 Rf8) 15. Qh5 {[%csl Gg5][%cal Rh5h7]} h6 {[#]} 16. Nxf7 $1 {[%mdl 576] Remove Defender} Kxf7 17. Qxg6+ Kg8 18. Qh7+ Kf7 19. Bg6+ Kf6 20. Bxe8 (20. Bh5 $142 Rxe1+ 21. Rxe1 Qe8 22. Rxe8 Ne7 23. Bxe7+ Ke6 24. Qg6+ Kd7 25. Qd6#) 20... Qxe8 21. Rxe8 Rxe8 22. Qd3 {Black got outplayed after the opening. Accuracy: White = 57%, Black = 28%.} 1-0

[Event "Stay Safe Play From Home 143"]
[Site "T#645979Emanuel Laske"]
[Date "2020.05.12"]
[Round "5"]
[White "Lucknow"]
[Black "Gmbasti"]
[Result "0-1"]
[WhiteElo "1779"]
[BlackElo "1620"]
[Annotator "NA RC"]
[PlyCount "106"]
[EventDate "2020.05.12"]
[EventType "swiss (blitz)"]

1. d4 {[%emt 0:00:01]} d5 {[%emt 0:00:01]} 2. c4 {[%emt 0:00:00]} Nf6 {[%emt 0:00:00]} 3. e3 {[%emt 0:00:00]} dxc4 {[%emt 0:00:01]} 4. Nf3 {[%emt 0:00:00]} c5 {[%emt 0:00:01]} 5. Bxc4 {[%emt 0:00:01]} cxd4 {[%emt 0:00:01]} 6. exd4 {[%emt 0:00:00]} Nc6 {[%emt 0:00:03]} 7. O-O {[%emt 0:00:01]} e6 {[%emt 0:00:01]} 8. Nc3 {[%emt 0:00:02]} Be7 {[%emt 0:00:01]} 9. Be3 {[%emt 0:00:02]} h6 {[%emt 0:00:01]} 10. h3 {[%emt 0:00:01]} O-O {[%emt 0:00:01]} 11. Qe2 {[%emt 0:00:01]} Bd7 {[%emt 0:00:01]} 12. Rfd1 {[%emt 0:00:01]} a6 {[%emt 0:00:01]} 13. Rac1 {[%emt 0:00:01]} b5 {[%emt 0:00:01]} 14. Bb3 {[%emt 0:00:00]} Na5 {[%emt 0:00:01]} 15. Bc2 {[%emt 0:00:01]} Rc8 {[%emt 0:00:01]} 16. Bd2 {[%emt 0:00:03]} Qb6 {[%emt 0:00:02]} 17. b3 {[%emt 0:00:02]} Bb4 {[%emt 0:00:03]} 18. Bb1 {[%emt 0:00:02]} Nd5 {[%emt 0:00:03]} 19. Nxd5 {[%emt 0:00:02]} exd5 {[%emt 0:00:02]} 20. Bxb4 {[%emt 0:00:01]} Rxc1 {[%emt 0:00:01]} 21. Rxc1 {[%emt 0:00:02]} Nc6 {[%emt 0:00:01]} 22. Bxf8 {[%emt 0:00:01]} Kxf8 {[%emt 0:00:02]} 23. Qe5 {[%emt 0:00:03]} Nxe5 {[%emt 0:00:01]} 24. Nxe5 {[%emt 0:00:02]} Be6 {[%emt 0:00:03]} 25. Nf3 {[%emt 0:00:01]} Qa5 {[%emt 0:00:04]} 26. Kh2 {[%emt 0:00:03]} g6 {[%emt 0:00:02]} 27. g3 {[%emt 0:00:02]} Kg7 {[%emt 0:00:01]} 28. Kg2 {[%emt 0:00:01]} Qb6 {[%emt 0:00:01]} 29. Bd3 {[%emt 0:00:02]} Bf5 {[%emt 0:00:01]} 30. Bxf5 {[%emt 0:00:02]} gxf5 {[%emt 0:00:01]} 31. Rc5 {[%emt 0:00:01]} Qf6 {[%emt 0:00:01]} 32. Rxd5 {[%emt 0:00:02]} f4 {[%emt 0:00:01]} 33. g4 {[%emt 0:00:02]} h5 {[%emt 0:00:04]} 34. Rf5 {[%emt 0:00:02]} Qg6 {[%emt 0:00:01]} 35. Rg5 {[%emt 0:00:01]} Qxg5 {[%emt 0:00:03]} 36. Nxg5 {[%emt 0:00:01]} hxg4 {[%emt 0:00:00]} 37. hxg4 {[%emt 0:00:01]} f3+ {[%emt 0:00:01]} 38. Kxf3 {[%emt 0:00:01]} f6 {[%emt 0:00:00]} 39. Ne4 {[%emt 0:00:00]} Kg6 {[%emt 0:00:01]} 40. Nd2 {[%emt 0:00:01]} f5 {[%emt 0:00:00]} 41. Kg3 {[%emt 0:00:01]} fxg4 {[%emt 0:00:01]} 42. Kxg4 {[%emt 0:00:00]} Kf6 {[%emt 0:00:00]} 43. f4 {[%emt 0:00:01]} Ke6 {[%emt 0:00:00]} 44. Nf3 {[%emt 0:00:01]} Kd5 {[%emt 0:00:00]} 45. f5 {[%emt 0:00:00]} Kd6 {[%emt 0:00:01]} 46. Kg5 {[%emt 0:00:00]} Ke7 {[%emt 0:00:00]} 47. f6+ {[%emt 0:00:00]} Kf8 {[%emt 0:00:00]} 48. Kf5 {[%emt 0:00:00]} a5 {[%emt 0:00:00]} 49. Ng5 {[%emt 0:00:01]} a4 {[%emt 0:00:00]} 50. d5 {[%emt 0:00:01]} axb3 {[%emt 0:00:00]} 51. axb3 {[%emt 0:00:01]} b4 {[%emt 0:00:00]} 52. d6 {[%emt 0:00:01]} Ke8 {[%emt 0:00:00]} 53. d7+ {[%emt 0:00:01]} Kxd7 {[%emt 0:00:00] Zeit (Lag: Av=0.37s, max=1.0s)} 0-1

[Event "Stay Safe Play From Home 143"]
[Site "T#645979Emanuel Laske"]
[Date "2020.05.12"]
[Round "5"]
[White "Kuewba"]
[Black "UHU4"]
[Result "0-1"]
[WhiteElo "1653"]
[BlackElo "1518"]
[Annotator "NA RC"]
[PlyCount "30"]
[EventDate "2020.05.12"]
[EventType "swiss (blitz)"]

1. d4 {[%emt 0:00:01]} g5 {[%emt 0:00:01]} 2. Nf3 {[%emt 0:00:00]} h6 {[%emt 0:00:02]} 3. c3 {[%emt 0:00:01]} Bg7 {[%emt 0:00:01]} 4. h3 {[%emt 0:00:01]} d6 {[%emt 0:00:01]} 5. e4 {[%emt 0:00:01]} Nf6 {[%emt 0:00:02]} 6. Bd3 {[%emt 0:00:01]} Nc6 {[%emt 0:00:02]} 7. O-O {[%emt 0:00:01]} Bd7 {[%emt 0:00:03]} 8. Nbd2 {[%emt 0:00:00]} Qc8 {[%emt 0:00:01]} 9. e5 {[%emt 0:00:02]} dxe5 {[%emt 0:00:01]} 10. Nxe5 {[%emt 0:00:01]} Nxe5 {[%emt 0:00:01]} 11. dxe5 {[%emt 0:00:01]} Nd5 {[%emt 0:00:02]} 12. Ne4 {[%emt 0:00:03]} Bxh3 {[%emt 0:00:02]} 13. gxh3 {[%emt 0:00:02]} Qxh3 {[%emt 0:00:01]} 14. Be3 {[%emt 0:00:08]} Bxe5 {[%emt 0:00:05]} 15. Be2 {[%emt 0:00:10]} Qh2# {[%emt 0:00:05] (Lag: Av=0.75s, max=1.1s)} 0-1

[Event "Stay Safe Play From Home 143"]
[Site "T#645979Emanuel Laske"]
[Date "2020.05.12"]
[Round "5"]
[White "Trotsky"]
[Black "Tobo Rubirosa"]
[Result "0-1"]
[WhiteElo "1616"]
[BlackElo "1413"]
[Annotator "NA RC"]
[PlyCount "46"]
[EventDate "2020.05.12"]
[EventType "swiss (blitz)"]

1. d4 {[%emt 0:00:01]} Nf6 {[%emt 0:00:02]} 2. e3 {[%emt 0:00:01]} g6 {[%emt 0:00:01]} 3. c4 {[%emt 0:00:01]} Bg7 {[%emt 0:00:01]} 4. Nc3 {[%emt 0:00:01]} O-O {[%emt 0:00:01]} 5. Bd3 {[%emt 0:00:01]} d5 {[%emt 0:00:01]} 6. Qc2 {[%emt 0:00:02]} c5 {[%emt 0:00:01]} 7. Nf3 {[%emt 0:00:01]} dxc4 {[%emt 0:00:01]} 8. Bxc4 {[%emt 0:00:01]} a6 {[%emt 0:00:01]} 9. Bd3 {[%emt 0:00:03]} b5 {[%emt 0:00:04]} 10. h3 {[%emt 0:00:01]} Bb7 {[%emt 0:00:01]} 11. h4 {[%emt 0:00:01]} Qc7 {[%emt 0:00:01]} 12. Ng5 {[%emt 0:00:01]} cxd4 {[%emt 0:00:03]} 13. exd4 {[%emt 0:00:06]} Nc6 {[%emt 0:00:01]} 14. h5 {[%emt 0:00:01]} Nxd4 {[%emt 0:00:02]} 15. Qb1 {[%emt 0:00:01]} Bxg2 {[%emt 0:00:04]} 16. hxg6 {[%emt 0:00:01]} hxg6 {[%emt 0:00:03]} 17. Bxg6 {[%emt 0:00:05]} fxg6 {[%emt 0:00:02]} 18. Rh7 {[%emt 0:00:04]} Qe5+ {[%emt 0:00:03]} 19. Nce4 {[%emt 0:00:06]} Nxe4 {[%emt 0:00:04]} 20. Nxe4 {[%emt 0:00:11]} Bxe4 {[%emt 0:00:01]} 21. Rh5 {[%emt 0:00:10]} gxh5 {[%emt 0:00:05] '} 22. Bf4 {[%emt 0:00:03]} Qxf4 {[%emt 0:00:02]} 23. Qd1 {[%emt 0:00:01]} Nf3+ {[%emt 0:00:02] Âðåìÿ (Lag: Av=0.90s, max=2.2s)} 0-1

[Event "Stay Safe Play From Home 143"]
[Site "T#645979Emanuel Laske"]
[Date "2020.05.12"]
[Round "5"]
[White "Gibiz144"]
[Black "Mandy"]
[Result "1-0"]
[WhiteElo "1528"]
[BlackElo "924"]
[Annotator "NA RC"]
[PlyCount "33"]
[EventDate "2020.05.12"]
[EventType "swiss (blitz)"]

1. d4 {[%emt 0:00:01]} d5 {[%emt 0:00:02]} 2. Bg5 {[%emt 0:00:01]} c6 {[%emt 0:00:02]} 3. Nf3 {[%emt 0:00:01]} Bf5 {[%emt 0:00:01]} 4. e3 {[%emt 0:00:01]} h6 {[%emt 0:00:01]} 5. Be2 {[%emt 0:00:01]} f6 {[%emt 0:00:02]} 6. Bh4 {[%emt 0:00:01]} e6 {[%emt 0:00:05]} 7. Bg3 {[%emt 0:00:02]} Bb4+ {[%emt 0:00:04]} 8. c3 {[%emt 0:00:01]} Bd6 {[%emt 0:00:04]} 9. Bd3 {[%emt 0:00:01]} Bxg3 {[%emt 0:00:02]} 10. hxg3 {[%emt 0:00:01]} Ne7 {[%emt 0:00:05]} 11. Nh4 {[%emt 0:00:02]} Bh7 {[%emt 0:00:07]} 12. Bxh7 {[%emt 0:00:03]} Rxh7 {[%emt 0:00:02]} 13. Qd3 {[%emt 0:00:00]} Rh8 {[%emt 0:00:04]} 14. Nd2 {[%emt 0:00:01]} Nd7 {[%emt 0:00:10]} 15. e4 {[%emt 0:00:01]} e5 {[%emt 0:00:04]} 16. dxe5 {[%emt 0:00:04]} Nxe5 {[%emt 0:00:05]} 17. Qe2 {[%emt 0:00:02] Zeit (Lag: Av=0.44s, max=0.5s)} 1-0

[Event "Stay Safe Play From Home 143"]
[Site "T#645979Emanuel Laske"]
[Date "2020.05.12"]
[Round "5"]
[White "Nagaram"]
[Black "matanant"]
[Result "0-1"]
[WhiteElo "1501"]
[BlackElo "1515"]
[Annotator "NA RC"]
[PlyCount "42"]
[EventDate "2020.05.12"]
[EventType "swiss (blitz)"]

1. e4 {[%emt 0:00:02]} e5 {[%emt 0:00:02]} 2. Nf3 {[%emt 0:00:01]} d5 {[%emt 0:00:00]} 3. exd5 {[%emt 0:00:03]} e4 {[%emt 0:00:01]} 4. Qe2 {[%emt 0:00:03]} Nf6 {[%emt 0:00:02]} 5. Nc3 {[%emt 0:00:01]} Be7 {[%emt 0:00:02]} 6. Nxe4 {[%emt 0:00:01]} O-O {[%emt 0:00:00]} 7. Nxf6+ {[%emt 0:00:01]} Bxf6 {[%emt 0:00:01]} 8. Kd1 {[%emt 0:00:01]} Re8 {[%emt 0:00:00]} 9. Qd3 {[%emt 0:00:01]} b6 {[%emt 0:00:03]} 10. Be2 {[%emt 0:00:01]} Ba6 {[%emt 0:00:02]} 11. Qc3 {[%emt 0:00:06]} Bxe2+ {[%emt 0:00:02]} 12. Ke1 {[%emt 0:00:01]} Bxf3+ {[%emt 0:00:01]} 13. Kf1 {[%emt 0:00:01]} Be2+ {[%emt 0:00:01]} 14. Ke1 {[%emt 0:00:02]} Bc4+ {[%emt 0:00:02]} 15. Kd1 {[%emt 0:00:03]} Bxd5 {[%emt 0:00:01]} 16. Re1 {[%emt 0:00:02]} Bxc3 {[%emt 0:00:02]} 17. bxc3 {[%emt 0:00:01]} Bxg2 {[%emt 0:00:02]} 18. d4 {[%emt 0:00:01]} Bf3+ {[%emt 0:00:02]} 19. Kd2 {[%emt 0:00:01]} Rxe1 {[%emt 0:00:01]} 20. Kxe1 {[%emt 0:00:02]} Qe7+ {[%emt 0:00:00]} 21. Kd2 {[%emt 0:00:01]} Qe2# {[%emt 0:00:02] (Lag: Av=0.88s, max=1.5s)} 0-1

[Event "Stay Safe Play From Home 143"]
[Site "T#645979Emanuel Laske"]
[Date "2020.05.12"]
[Round "6"]
[White "Onlyforchess"]
[Black "Little champs"]
[Result "1-0"]
[WhiteElo "2582"]
[BlackElo "2198"]
[Annotator "TA"]
[PlyCount "43"]
[EventDate "2020.05.12"]
[EventType "swiss (blitz)"]

{[%evp 11,43,18,70,71,72,73,1231,1229,1219,1207,1305,1295,1383,1381,1374,1360,1410,1398,1715,1720,1614,1520,2402,2355,2340,2233,6091,1754,29993,29994,29996,29997,29998,29999]} 1. e4 c5 2. d4 d6 3. Nf3 cxd4 4. Nxd4 Nf6 5. Nc3 a6 6. Bg5 e5 (6... Nbd7 $11) 7. Nf5 $14 {B94: Sicilian Najdorf: 6 Bg5 Nbd7.} Bxf5 8. Bxf6 {[#]} Nd7 $146 {[%mdl 8192] [#]} (8... Qxf6 $16 9. Nd5 Qd8 10. exf5 Be7) ({Predecessor:} 8... Qxf6 9. Nd5 Qd8 10. exf5 Be7 11. g3 Nc6 12. Bg2 g6 13. Be4 Nd4 14. c3 gxf5 {1-0 (42) Biolek,R (2440)-Michenka,J (2347) Czech Republic 2016}) 9. Bxd8 $18 {White is clearly winning.} Rxd8 10. exf5 Be7 11. Nd5 Bf6 12. Qg4 O-O 13. O-O-O Kh8 14. h4 h6 15. Qh5 Kh7 16. Bd3 Rfe8 17. g4 e4 18. g5 exd3 19. gxf6 {[#] Intending Rhg1 and mate.} dxc2 20. Rdg1 {White mates.} Rg8 21. Qxf7 Ne5 22. Rxg7+ {Black did not feel at home in the position after the opening.} 1-0

[Event "Stay Safe Play From Home 143"]
[Site "T#645979Emanuel Laske"]
[Date "2020.05.12"]
[Round "6"]
[White "rohit2007"]
[Black "Eidgenosse"]
[Result "1-0"]
[WhiteElo "2227"]
[BlackElo "2404"]
[Annotator "TA"]
[PlyCount "85"]
[EventDate "2020.05.12"]
[EventType "swiss (blitz)"]

{[%evp 12,85,27,34,9,-34,59,48,111,129,160,57,74,-12,0,-81,-73,-72,37,0,0,-32,-21,-56,-18,-14,-18,-13,9,-35,4,0,42,35,47,39,45,44,122,111,204,177,436,241,352,285,247,245,847,845,993,981,955,959,1783,628,841,0,932,812,1412,1010,1559,837,1306,1171,1189,1110,29995,29996,29997,29997,29997,29998,29998,29999]} 1. e4 d6 2. d4 Nd7 3. Nc3 Ngf6 4. Be3 e5 5. f3 c6 6. Qd2 Be7 7. Nge2 b5 {B07: Pirc Defence: Miscellaneous Systems.} 8. O-O-O a5 ({Black should play} 8... b4 $15 9. Nb1 Rb8) 9. g4 $14 a4 {[#]} (9... O-O $14) 10. g5 $146 ({Predecessor:} 10. Ng3 exd4 11. Bxd4 Ne5 12. Be2 b4 13. Nb1 c5 14. Be3 Be6 15. g5 Nfd7 16. f4 {1-0 (63) Grimm,D (1879)-Agu,U (2025) Budapest 2010}) 10... b4 11. Nb1 ({White must play} 11. gxf6 $16 bxc3 12. Qxc3 Bxf6 13. Qxc6) 11... Nh5 $14 12. f4 (12. Ng3 $16 Nxg3 13. hxg3) 12... b3 13. cxb3 (13. a3 $11 {keeps the balance.}) 13... axb3 $17 14. axb3 O-O (14... Nxf4 $17 15. Nxf4 exf4 16. Bxf4 Nf8) 15. fxe5 (15. dxe5 {keeps more tension.} dxe5 16. f5 Rb8 17. Nec3 Nf4 18. h4) 15... dxe5 16. dxe5 (16. Ng3 $5 {[%cal Rg3h5]} exd4 17. Nxh5 $11) 16... Nxe5 {Threatening ...Ng4.} 17. Qxd8 $1 Rxd8 18. Rxd8+ Bxd8 19. Nd4 Bb6 20. Be2 g6 21. Rd1 Ng4 22. Bxg4 $1 Bxg4 23. Rd2 Re8 24. Nc3 c5 {White leaves nothing to chance now.} (24... Bf3 $14) 25. Ndb5 $16 Bf3 (25... f6 $16) 26. Nd6 $18 Ra8 $2 {[#]} (26... Re6 {keeps fighting.} 27. Nxf7 Bxe4) 27. Kc2 (27. Rf2 $142) 27... h6 (27... Bg4 {was necessary.} 28. Nd5 Bd8 29. Bxc5 Be6) 28. Nd5 ({But not} 28. gxh6 Rd8 $18) 28... Bd8 29. gxh6 Bxe4+ $2 (29... Nf6 30. Nxf6+ Bxf6) 30. Nxe4 f5 31. Nxc5 Rc8 32. b4 Kh7 33. Nf4 Nf6 34. Nd5 $2 {[#]} (34. h3 $18) 34... Ne4 $2 {[%mdl 8192]} (34... Nh5 $11 35. Nb6 f4 36. Nxc8 g5 37. Rd7+ Kg6 38. Rxd8 f3 39. Rd6+ Kf5) 35. Rd4 Bh4 36. Rc4 Nd6 37. Rc3 Be1 38. Ra3 Nb5 39. Ra5 Nd6 40. Ra7+ {White mates.} Kh8 41. Nf6 {[%csl Gf6][%cal Ra7h7]} Rc7 42. Rxc7 {[%csl Gf6][%cal Rc7h7]} Nf7 43. Rxf7 {Accuracy: White = 47%, Black = 27%.} 1-0